Sanat "Pieni tytön tylleröinen" - Statistics

Yleistilastot
  • Tätä visaa on pelattu 48 kertaa
  • Keskiarvotulos 53 / 70
Vastaustilastot
Vastaus % Oikein
Pieni
100%
Pieni
100%
pieni
100%
tylleröinen
100%
tylleröinen
100%
tylleröinen
100%
tylleröinen
100%
tytön
100%
tytön
100%
tytön
100%
tytön
100%
tytön
100%
tietä
93%
kulki
90%
pitkin
90%
ja
83%
ja
83%
ja
83%
ja
83%
ja
83%
Mansikka
83%
metsän
83%
metsän
83%
Mustikka
83%
Nukku-Matti
83%
silmät
83%
sulki
83%
pienet
79%
näki
76%
saapui
76%
sieni
76%
väki
76%
oli
72%
Sinipiika
72%
Sinipiika
72%
unta
72%
Eipä
69%
luokse
69%
ollut
69%
suuri
69%
Tapio
69%
Tellervo
69%
tuli
69%
hauska
66%
hyppeli
66%
juoksi
66%
mailla
66%
mitään
66%
Nukku-Matin
66%
oleskella
66%
sievää
66%
siinä
66%
sinne
66%
vailla
66%
hänen
62%
kädestä
62%
käki
62%
kiinni
62%
kukkui
62%
otti
62%
pienen
62%
nukkui
59%
Sipsutteli
59%
ympärilleen
59%
että
55%
mutta
55%
nurmikolla
55%
Kasvoi
52%
kukkalatva
52%
kuusi
52%
Ehtoja vastaavia visoja ei löytynyt
Tulosjakauma
Jokaisen tuloksen saaneiden osuus
Persentiili vastausten määrän mukaan
Tuloshistoriasi
Et ole pelannut tätä visaa